000 01038nam a2200217Ia 4500
999 _c38364
_d38364
001 4374
003 GE_BSU
005 20190516200520.0
008 181216s1982|||| |||||||||||||| ||geo||
040 _cGE_BSU
041 _ageo
080 _a532+ 621.22(072) ა–55
100 _aამაღლობელი,ი.
_91276
245 _aჰიდრავლიკა, ჰიდრავლიკური მანქანები და ჰიდროამძრავების საფუძვლები : სახელმძღვ. /
_cი. ამაღლობელი ; რედ : ო. თვალავაძე .
264 _aთბილისი .:
_bგანათლება,
_c1982.
300 _a415 გვ .:
_c21 სმ.
653 _aჰიდრავლიკა
653 _aჰიდრავლიკური მანქანები; ჰიდროამძრავები
700 _aთვალავაძე, ი
_eრედაქტორი
_91277
942 _cBK
_2udc